| 000 | 00806nam a2200253Ia 4500 | ||
|---|---|---|---|
| 003 | GCL | ||
| 008 | 140319s9999 xx 000 0 ara d | ||
| 040 |
_aGCL / _cGCL |
||
| 082 | 0 | 4 |
_a157.94 _bع ى |
| 100 | 1 | _aعباس محمد المسيرى | |
| 245 | 1 | 0 |
_aاليوجا والعلاج النفسى / _cعباس محمد المسيرى |
| 260 |
_a[S.N] : _bالهيئة المصرية العامة للكتاب ، _c1989 |
||
| 300 | _a211 ص | ||
| 490 | _a | ||
| 650 | 0 | 4 | _aعلم النفس |
| 650 | 0 | 4 | _aالتحليل النفسى |
| 650 | 0 | 4 | _aالعلاج النفسى |
| 650 | 0 | 4 | _aتدريب |
| 650 | 0 | 4 | _aعلم النفس العلاجى |
| 650 | 0 | 4 | _aالتأثير الفسيولوجى |
| 650 | 0 | 4 | _aالاستخدام العلاجى |
| 650 | 0 | 4 | _aاليوجا |
| 942 |
_2ddc _cBK |
||
| 999 |
_c28053 _d28053 |
||